000
00305nam a22001337a 4500
008
170615b xxu||||| |||| 00| 0 eng d
020
_a
9781883589998
041
_a
eng
080
_a
94
100
_a
18
101
_a
SHH
245
_a
COMMON SENSE AND FOREIGN POLICY
_c
STEMPEL.J.D
942
_2
udc
_c
BK
999
_c
17544
_d
17544